00338nam a2200145Ia 4500008004100000020001500041041001200056082001100068100001600079245004800095250000800143260002500151300000900176650000700185221030s9999 xx 000 0 und d a0070144552 aEnglish a105.23 aA. S. Pabla 0aElectric Power Distributioncby A. S. Pabla a6th bTMHaNew Delhic2011 a1008 aEE